[Event "FRA-chT3 0405"]
[Site "France"]
[Date "2004.11.06"]
[Round "2"]
[White "Demanghon, Jonathan"]
[Black "Dorion, Ari"]
[Result "1-0"]
[WhiteElo "2120"]
[BlackElo "2070"]
[PlyCount "107"]
[EventDate "2004.10.10"]
[EventType "team"]
[EventRounds "9"]
[EventCountry "FRA"]
[SourceTitle "EXT 2007"]
[Source "ChessBase"]
[SourceDate "2006.11.23"]
[SourceVersion "1"]
[SourceVersionDate "2006.11.23"]
[SourceQuality "1"]

1. d4 Nf6 2. Bg5 Ne4 3. Bf4 d5 4. e3 e6 5. Bd3 Bd6 6. Ne2 f5 7. c4 c6 8. 0-0 0-0 9. Qc2 b6 10. f3 Bxf4 11. Nxf4 Nf6 12. Nd2 Qd6 13. Rae1 Na6 14. a3 Nc7 15. cxd5 cxd5 16. Rc1 Nce8 17. Bb5 Bb7 18. Nd3 Rc8 19. Qa4 a6 20. Bxe8 Rfxe8 21. Ne5 b5 22. Qb4 Qb6 23. Nb3 Rc4 24. Nxc4 dxc4 25. Qa5 Qxa5 26. Nxa5 Bd5 27. b3 cxb3 28. Rb1 Rc8 29. Rfc1 Rxc1+ 30. Rxc1 Ne8 31. Rb1 Nd6 32. Nxb3 Nc4 33. Nc5 Nxa3 34. Ra1 b4 35. Kf2 a5 36. Ke2 Kf7 37. g3 Bc6 38. e4 Bb5+ 39. Kd1 fxe4 40. fxe4 Nc4 41. Kc1 Bc6 42. e5 Bd5 43. Nb3 Na3 44. Nxa5 Nb5 45. Rb1 Nxd4 46. Rxb4 Nf3 47. Rf4+ Kg6 48. Nc4 Nxh2 49. Ne3 Bc6 50. Rc4 Bd5 51. Nxd5 exd5 52. Rf4 h5 53. e6 Ng4 54. e7 1-0